书目信息 |
| 题名: |
深圳村落概览
|
|
| 作者: | 黄玲 , 杨立勋 主编 ;深圳市史志办公室 编 | |
| 分册: | 第一辑 光明龙华卷 | |
| 出版信息: | 广州 华南理工大学出版社 2020.09 |
|
| 页数: | 624页 | |
| 开本: | 29cm | |
| 丛书名: | ||
| 单 册: | ||
| 中图分类: | K926.55 | |
| 科图分类: | ||
| 主题词: | 村落--cun luo--概况--深圳 | |
| 电子资源: | ||
| ISBN: | 978-7-5623-5833-6 | |
| 000 | 01236nam 2200265 450 | |
| 001 | 28809 | |
| 005 | 20221011095606.14 | |
| 010 | @a978-7-5623-5833-6@b精装@dCNY250.00 | |
| 100 | @a20210428d2020 em y0chiy50 ea | |
| 101 | 0 | @achi |
| 102 | @aCN@b440000 | |
| 105 | @aab z 000yy | |
| 200 | 1 | @a深圳村落概览@Ashen zhen cun luo gai lan@h第一辑@i光明龙华卷@f深圳市史志办公室编 |
| 210 | @a广州@c华南理工大学出版社@d2020.09 | |
| 215 | @a624页@c彩图, 地图@d29cm | |
| 314 | @a书内题: 黄玲, 杨立勋主编 | |
| 330 | @a本书分两辑共8卷, 根据全市各区 (含大鹏新区、深汕特别合作区)地理位置和村落数量情况而设。第一辑包括宝安卷、光明龙华卷, 第二辑包括福田南山卷、罗湖盐田卷、龙岗卷、坪山卷、大鹏卷、深汕卷。第一辑中的宝安卷收录了新安、西乡、福永、沙井、松岗、石岩6个街道116个村的简介 ; 光明龙华卷收录了公明、光明、龙华、民治、大浪、观澜、观湖、福城8个街道184个村的简介。卷内设各区综述及各街道概述。 | |
| 517 | 1 | @a光明龙华卷@Aguang ming long hua juan |
| 606 | 0 | @a村落@Acun luo@x概况@y深圳 |
| 690 | @aK926.55@v5 | |
| 701 | 0 | @a黄玲@Ahuang ling@4主编 |
| 701 | 0 | @a杨立勋@Ayang li xun@4主编 |
| 712 | 02 | @a深圳市史志办公室@Ashen zhen shi shi zhi ban gong shi@4编 |
| 801 | 0 | @aCN@c20220910 |
| 905 | @a河南城建学院图书馆@dK926.55@eH852:1(2)@f1 | |
| 深圳村落概览.第一辑.光明龙华卷/深圳市史志办公室编.-广州:华南理工大学出版社,2020.09 |
| 624页:彩图, 地图;29cm |
| ISBN 978-7-5623-5833-6(精装):CNY250.00 |
| 本书分两辑共8卷, 根据全市各区 (含大鹏新区、深汕特别合作区)地理位置和村落数量情况而设。第一辑包括宝安卷、光明龙华卷, 第二辑包括福田南山卷、罗湖盐田卷、龙岗卷、坪山卷、大鹏卷、深汕卷。第一辑中的宝安卷收录了新安、西乡、福永、沙井、松岗、石岩6个街道116个村的简介 ; 光明龙华卷收录了公明、光明、龙华、民治、大浪、观澜、观湖、福城8个街道184个村的简介。卷内设各区综述及各街道概述。 |
| ● |
| 相关链接 |
|
|
|
正题名:深圳村落概览
索取号:K926.55/H852:1(2)
 
预约/预借
| 序号 | 登录号 | 条形码 | 馆藏地/架位号 | 状态 | 备注 |
| 1 | 1581963 | 215819639 | 社科库309/309社科库 15排1列2层/ [索取号:K926.55/H852:1(2)] | 在馆 |